000 00698nam a2200241Ia 4500
003 OSt
005 20220927112858.0
006 a|||||r|||| 00| 0
007 ta
008 220926b |||||||| |||| 00| 0 eng d
024 _a150145
037 _cReports
040 _aRTL
_cRTL
_beng
041 _2eng
_aeng
082 _a"X9(J:1:2).2.255s, L7/GD"
110 _aMadhya Pradesh Landrecords (Dept of-)
_9384457
245 0 _aReport on the scheme of rationalised Supervision
260 _c1977
300 _a149 p
_ccm.
700 _aMadhya Pradesh Landrecords (Dept of-)
_9384458
942 _h"X9(J:1:2).2.255s, L7/GD"
_cCC
999 _c700868
_d700868